| 000 | 00606nam a2200133Ia 4500 | ||
|---|---|---|---|
| 008 | 100328s9999 xx 000 0 und d | ||
| 082 | _b73406 | ||
| 100 | _aकाळे अनिल-अनु.(मूळ लेखक-सिडने शेल्डन) | ||
| 245 | _aटेल मी युअर ड्रीम्स (Tell Me Your Dreams). | ||
| 260 | _bश्रीराम बुक एजन्सी. | ||
| 630 | _aटेल मी युअर ड्रीम्स (Tell Me Your Dreams). | ||
| 730 | _aटेल मी युअर ड्रीम्स (Tell Me Your Dreams). | ||
| 942 | _cBOOK | ||
| 999 |
_c559127 _d559124 |
||